History Quiz

Random History or Famous Quiz

Famous Spanish People Quiz Stats

 Plays Quiz Updated Dec 4, 2016

Support Sporcle.
Go Orange.
Score 0/18 Timer 05:00
2 Plays Today
Hint Answer % Correct
Which artist is famous for his 'Blue Period' and for his portrayal of the bombing of Guernica?Pablo Picasso
87.8%
Which surrealist painter (alive 1904-89) is best known for his 'The Persistence of Memory'?Salvador Dalí
86.4%
Which general was dictator of Spain from 1939 until his death in 1975?Francisco Franco
83.5%
Who was the Queen of Castile who married Ferdinand II of Aragon in 1469?Isabella I of Castile
72.9%
Which highly successful professional tennis player has been nicknamed 'The King of Clay' for his dominance on clay courts?Rafael Nadal
72.4%
Who was the conquistador and explorer who conquered the Aztec Empire?Hernán Cortés
70.4%
Which model and actress has appeared in the films 'Woman on Top', 'Nine' and 'Vicky Cristina Barcelona'?Penélope Cruz
70.1%
Who is the poet, playwright, and novelist best known for publishing 'Don Quixote de la Mancha' in 1605?Miguel de Cervantes
68.8%
Two of 'The Three Tenors' were Spanish, name either.Plácido Domingo & José Carreras
65.1%
Hint Answer % Correct
Who married King Henry VIII of England in 1509, becoming his first wife?Catherine of Aragon
62.6%
Which singer and songwriter has released over 80 albums and is the best-selling Latin artist in history?Julio Iglesias
59.3%
Which actor is known for winning the Academy Award for Best Supporting Actor for the film 'No Country for Old Men'?Javier Bardem
59.1%
Who was the conquistador and explorer who conquered the Inca Empire in 1532?Francisco Pizarro
45.4%
In 1081, which national hero (alive 1040-1099) became known for his military ability in his conquest of Valencia?Rodrigo Díaz de Vivar
42.6%
Which conquistador and explorer is often credited to be the first explorer to land in Florida in 1513?Juan Ponce de León
40.7%
Which artist (alive 1746-1828) is most famous for painting 'Charles IV of Spain and His Family' and 'The Third of May 1808'?Francisco Goya
39.3%
Since June 2014, who has been the King of Spain?Felipe VI
37%
Which professional football player measuring 5'7'' scored the winning goal for Spain in the 2010 World Cup?Andrés Iniesta
32.8%

You're not logged in!

Compare scores with friends on all Sporcle quizzes.
OR
Log In

From the Vault

Continents by Population

by Norwegian_dude

Antarctica didn't make the cut. Sorry, penguins.
Remove Ads.
Support Sporcle.
Get the best of Sporcle when you Go Orange. This ad-free experience offers more features, more stats, and more fun while also helping to support Sporcle. Thank you for becoming a member.

Show Comments

Extras

Top Quizzes Today


Score Distribution

Your Account Isn't Verified!

In order to create a playlist on Sporcle, you need to verify the email address you used during registration. Go to your Sporcle Settings to finish the process.

Report this User

Report this user for behavior that violates our Community Guidelines.

Details: